Conflict in a cosy world (Record no. 84748)

MARC details
000 -LEADER
fixed length control field 00657cab a22002055a 4500
001 - CONTROL NUMBER
control field L158954
008 - FIXED-LENGTH DATA ELEMENTS--GENERAL INFORMATION
fixed length control field 151030e20151017xxk 000 0 eng d
035 ## - SYSTEM CONTROL NUMBER
System control number (Sirsi) u158954
041 0# - LANGUAGE CODE
Language code of text/sound track or separate title eng
100 1# - MAIN ENTRY--PERSONAL NAME
Personal name Fetherstonhaugh, G.
245 00 - TITLE STATEMENT
Title Conflict in a cosy world
260 ## - PUBLICATION, DISTRIBUTION, ETC.
Date of publication, distribution, etc. 2015
490 ## - SERIES STATEMENT
Series statement Estates Gazette
Volume/sequential designation (1541) 17 October 2015, 80-82(3)
520 ## - SUMMARY, ETC.
Summary, etc. Deals with disputes and perception of bias. Includes information about potential concerns such as conflict of interest and wrongful sharing of information.
590 ## - LOCAL NOTE (RLIN)
Local note KA
651 #4 - SUBJECT ADDED ENTRY--GEOGRAPHIC NAME
Geographic name United Kingdom
690 ## - LOCAL SUBJECT ADDED ENTRY--TOPICAL TERM (OCLC, RLIN)
Topical term or geographic name as entry element Dispute resolution
9 (RLIN) 6236
700 1# - ADDED ENTRY--PERSONAL NAME
Personal name Bradford, Katie
942 ## - ADDED ENTRY ELEMENTS (KOHA)
Suppress in OPAC 0
Holdings
Withdrawn status Lost status Source of classification or shelving scheme Damaged status Not for loan Home library Current library Shelving location Date acquired Total Checkouts Full call number Barcode Date last seen Copy number Price effective from Koha item type
    Dewey Decimal Classification     London London Journal article 30/10/2015   L158954 158954-1001 06/08/2019 1 06/08/2019 Journal article